| 000 | 00638nam a2200157 a 4500 | ||
|---|---|---|---|
| 001 | 000030493 | ||
| 005 | 20200930062336.0 | ||
| 008 | 110518s1978 dr 000 0 spa d | ||
| 040 |
_aDO-SdBNP _bspaBNPHU |
||
| 082 |
_axxx _bR789d |
||
| 100 | 1 |
_aRosario, Antonio _922267 |
|
| 245 | 1 | 0 |
_aDiscurso del Dr. Antonio Rosario rector de la Universidad Autónoma de Santo Domingo en el acto solemne de investidura con motivo del 440 aniversario de la fundación de la universidad, el 28 de octubre 1978 / _cAntonio Rosario. |
| 260 |
_aSanto Domingo : _bUniversidad Autónoma de Santo Domingo, _c1978. |
||
| 300 |
_a16 p. ; _c21 cm. |
||
| 049 | _aBNPD | ||
| 999 |
_c29985 _d29985 |
||